000 00911cam a2200289 a 4500
001 15119233
005 20180308081024.0
008 071220s2008 iau b 001 0 eng d
010 _a 2007300430
020 _a0073397156
020 _a9780073397153
035 _a(OCoLC)ocn145071709
040 _aNCM
_cNCM
_dNCM
_dPSM
_dBAKER
_dCRH
_dDLC
041 _aeng
042 _alccopycat
080 _a170 SAT
082 0 0 _a170 SAT
_222
100 _a24
101 _aFIL
245 0 0 _aTaking sides.
_pClashing views on moral issues /
_cselected, edited, and with introductions by Stephen Satris.
246 3 0 _aClashing views on moral issues
246 3 0 _aMoral issues
504 _aIncludes bibliographical references and index.
906 _a7
_bcbc
_ccopycat
_d2
_encip
_f20
_gy-gencatlg
942 _2ddc
_cBK
999 _c44489
_d44489